00471nam a2200181Ia 450000500170000000800410001702000160005804000190007404100120009308200160010510000180012124500500013925000120018926000470020130000120024850400190026085000100027920230417093453.0131103s9999 xx 000 0 und d a022613470 9 aLoreto College aEnglish a823.09bDAI aDaiches,David 4aThe novel and the modern worldcDavid Daiches arev.ed. aChicagobUniversity Of Chicago Pressc1965 a220 p.  aIncludes index aLCLIB